|
|
|
|
| LEADER |
00000cam a2200000 a 4500 |
| 001 |
1/121864 |
| 008 |
200730n19uu####gr | ||| |||| ||gre|| |
| 040 |
|
|
|a GR-MyUa
|b gre
|c GR-MyUa
|e AACR2
|
| 041 |
0 |
|
|a gre
|
| 082 |
7 |
|
|a 330.01
|2 (23)
|
| 100 |
1 |
|
|a Ζολώτας, Ξενοφών Ε.,
|d 1904-2004.
|
| 245 |
1 |
0 |
|a Παραδόσεις θεωρητικής κοινωνικής οικονομικής /
|c Ξενοφ. Ε. Ζολώτα.
|
| 260 |
|
|
|a Αθήναι :
|b [χ.ό],
|c [19--?].
|
| 300 |
|
|
|a ζ, 321 σ. ;
|c 25 εκ.
|
| 650 |
|
0 |
|a Economics
|x Methodology.
|
| 650 |
|
0 |
|a Economics
|x Philosophy.
|
| 650 |
|
0 |
|a Economics.
|
| 852 |
|
|
|a INST
|b SAMOS
|e 20200730
|h 330.01 ΖΟΛ
|p 005300046655
|q 005300046655
|t BK
|y 0
|
| 920 |
|
|
|a Αναγνώστου
|b Αθανάσιος
|y Σάμος
|z 2019-10
|
| 970 |
|
|
|a Φιλιππή
|b Φάλη
|z 30-07-2020
|